[Event "9th Amplico Life Rapid"]
[Site "Warsaw POL"]
[Date "2009.12.19"]
[Round "4"]
[White "Macieja,B"]
[Black "Pileckis,E"]
[Result "1-0"]
[WhiteElo "2627"]
[BlackElo "2438"]

1.e4 c5 2.Nc3 Nc6 3.Nf3 e5 4.Bc4 d6 5.d3 Be7 6.O-O Nf6 7.Ng5 O-O 8.f4 exf4
9.Bxf4 Bg4 10.Qd2 Nd4 11.h3 Bh5 12.Kh2 Bg6 13.a4 Nh5 14.Be3 Bf6 15.Nf3 Kh8
16.g4 Nxf3+ 17.Rxf3 Be5+ 18.Kg2 Nf6 19.Raf1 Bxc3 20.bxc3 Nd7 21.Bd5 Qe7 22.Bxb7 Rab8
23.Bd5 Nb6 24.Bb3 c4 25.a5 Nd7 26.Bxc4 Ne5 27.Bd5 Nxf3 28.Rxf3 f6 29.a6 Rb2
30.Bb7 Rxb7 31.axb7 Qxb7 32.c4 Ra8 33.Qa5 Bf7 34.g5 Bh5 35.Rf2 fxg5 36.Qxg5 Bf7
37.Bd4 Bxc4 38.Qf4 Bg8 39.Qxd6 Rc8 40.Kh2 Rc6 41.Bxg7+ Kxg7 42.Rg2+ Kf7 43.Qd5+ Ke7
44.Rg7+ Kf6 45.Qg5+  1-0

[Event "9th Amplico Life Rapid"]
[Site "Warsaw POL"]
[Date "2009.12.19"]
[Round "5"]
[White "Muzychuk,A"]
[Black "Mikrut,D"]
[Result "1-0"]
[WhiteElo "2532"]
[BlackElo "2400"]

1.e4 c5 2.Nc3 Nc6 3.Bb5 Nd4 4.Nf3 Nxb5 5.Nxb5 d6 6.d4 a6 7.Nc3 cxd4 8.Qxd4 Nf6
9.Bg5 e6 10.O-O-O Be7 11.Qd3 Qc7 12.Nd4 Bd7 13.Rhe1 h6 14.Bh4 O-O-O 15.f3 g5
16.Bf2 Be8 17.Qe3 Nd7 18.Nf5 Bf8 19.Qa7 Qb8 20.Qd4 Ne5 21.Bg3 Qc7 22.Re3 Bc6
23.Qa7 Nc4 24.Red3 exf5 25.Qd4 f4 26.Qxh8 fxg3 27.hxg3 Ne5 28.R3d2 Kb8 29.Qxe5 dxe5
30.Rxd8+ Ka7 31.Rxf8 Qe7 32.Rfd8 Qc5 33.g4 Qf2 34.R8d2 Qh4 35.Nd5 h5 36.gxh5 Qxh5
37.b3 Qh6 38.Ne7 g4 39.Nxc6+ Qxc6 40.Kb2 Qf6 41.Rd6 Qf4 42.R1d3 Qh2 43.fxg4 Qxg2
44.Rf6 Qxe4 45.Rxf7 Qxg4 46.Rdd7 Ka8 47.Rfe7 Qe4 48.a4 a5 49.Rxb7 Qd4+ 50.Ka2 e4
51.Rbd7 Qb6 52.Re8+  1-0

[Event "9th Amplico Life Rapid"]
[Site "Warsaw POL"]
[Date "2009.12.19"]
[Round "6"]
[White "Kurnosov,I"]
[Black "Muzychuk,A"]
[Result "0-1"]
[WhiteElo "2666"]
[BlackElo "2532"]

1.e4 c5 2.Nf3 Nc6 3.Nc3 Nf6 4.d4 cxd4 5.Nxd4 e5 6.Ndb5 d6 7.Bg5 a6 8.Na3 b5
9.Nd5 Be7 10.Bxf6 Bxf6 11.c3 Bg5 12.Nc2 Rb8 13.Qf3 Be6 14.Rd1 a5 15.a3 Ne7
16.h4 Bh6 17.g4 Bxd5 18.exd5 Bf4 19.Bd3 O-O 20.Ne3 b4 21.cxb4 axb4 22.a4 b3
23.O-O Rb4 24.Ra1 Ng6 25.h5 Nh4 26.Qh3 Qg5 27.Ng2 Nxg2 28.Kxg2 f5 29.Be2 Bd2
30.a5 fxg4 31.Qg3 Rf3 32.Bxf3 gxf3+ 33.Kxf3 Qxh5+ 34.Kg2 Rg4 35.a6 Rxg3+
36.fxg3 Be3 37.Rf3 Bd4 38.a7 Bxa7 39.Rxa7 h6 40.Rb7 e4 41.Rfxb3 Qxd5 42.Rb8+ Kh7
43.Rc3 e3+ 44.Kh2 Qe5 45.Rc1 d5 46.Ra8 Qxb2+  0-1

[Event "IRT 35th Ann ALEX"]
[Site "Rio de Janeiro ARG"]
[Date "2009.12.20"]
[Round "6"]
[White "Ferreira,K"]
[Black "Dumont,S"]
[Result "0-1"]
[WhiteElo "2112"]
[BlackElo "2321"]

1.e4 c5 2.Nc3 Nc6 3.Bb5 g6 4.Bxc6 dxc6 5.d3 Bg7 6.f4 c4 7.Nf3 cxd3 8.cxd3 Qb6
9.h3 Nf6 10.d4 Be6 11.O-O Rd8 12.Kh2 h5 13.Kh1 h4 14.Rf2 Nh5 15.Na4 Qc7 16.e5 Ng3+
17.Kh2 Nf5 18.Nc5 Bd5 19.Nb3 a5 20.Qd3 Bxf3 21.Qxf3 a4 22.Nc5 Nxd4 23.Qe4 Qb6
24.Nxa4 Qa7 25.Nc3 Nf5 26.Qf3 Rd3 27.Qe2 O-O 28.Bd2 Rfd8 29.Rd1 Ng3 30.Qe1 e6
31.a3 Bf8 32.f5 Bc5 33.Rf4 Rxd2 34.f6 Rxd1 35.Nxd1 Bg1+  0-1

[Event "9th Amplico Life Rapid"]
[Site "Warsaw POL"]
[Date "2009.12.20"]
[Round "9"]
[White "Gashimov,V"]
[Black "Muzychuk,M"]
[Result "1-0"]
[WhiteElo "2758"]
[BlackElo "2447"]

1.e4 c5 2.Nc3 Nc6 3.Nf3 Nf6 4.Bb5 Qc7 5.Bxc6 dxc6 6.h3 e5 7.d3 h6 8.b3 Be6
9.Bb2 Bd6 10.Ne2 O-O-O 11.Qc1 g5 12.Ng3 Rdg8 13.Qd2 Nd7 14.O-O-O Be7 15.Qe2 g4
16.hxg4 Bxg4 17.Kb1 h5 18.Nf5 Bf6 19.Ne3 Qd6 20.Nxg4 hxg4 21.Rxh8 Rxh8 22.Nd2 Qe6
23.Nf1 Bg5 24.Ng3 Nf6 25.Nf5 Rh2 26.Rg1 Kc7 27.Qe1 b6 28.Rh1 Bd2 29.Qg1 Rxh1
30.Qxh1 Nd5 31.c4 Nf4 32.Qd1 Ba5 33.g3 Nh3 34.Qxg4 Nxf2 35.Qf3 Nh3 36.Ng7 Qg6
37.Bxe5+ Kb7 38.Qf5 Qxf5 39.Nxf5 Kc8 40.Kc2 Kd7 41.Kd1 Ke6 42.Bb8 a6 43.Ke2 b5
44.Bd6 Bb6 45.Bf8 f6 46.Bh6 a5 47.a4 bxa4 48.bxa4 Kf7 49.Be3 Kg6 50.Ne7+ Kh5
51.Nxc6 Kg4 52.Bd2 Ng1+ 53.Kf2 Nf3 54.Bxa5 Bxa5 55.Nxa5 Ne5 56.Ke3 Kxg3 57.Nb7 Nc6
58.a5 Kg4 59.a6 f5 60.exf5 Kxf5 61.Nd6+  1-0

[Event "9th Amplico Life Rapid"]
[Site "Warsaw POL"]
[Date "2009.12.20"]
[Round "10"]
[White "Kurnosov,I"]
[Black "Muzychuk,M"]
[Result "1/2-1/2"]
[WhiteElo "2666"]
[BlackElo "2447"]

1.e4 c5 2.Nf3 Nc6 3.Nc3 Nf6 4.Bb5 Qc7 5.d3 Nd4 6.Bc4 d6 7.Nxd4 cxd4 8.Nb5 Qb6
9.c3 dxc3 10.Be3 Qa5 11.b4 Qd8 12.Nxa7 Bd7 13.Nb5 e6 14.O-O Be7 15.Nxc3 O-O
16.Qb3 Ng4 17.Bd4 Bf6 18.Bxf6 Qxf6 19.h3 Ne5 20.a4 Rfc8 21.b5 Nxd3 22.Nd5 exd5
23.Bxd3 dxe4 24.Bxe4 Be6 25.Qf3 Qxf3 26.Bxf3 d5 27.Rfd1 Rc5 28.Rac1 Rac8
29.Rxc5 Rxc5 30.Rb1 b6 31.Be2 Kf8 32.a5 bxa5 33.b6 Rc8 34.Ba6 Rb8 35.b7 a4
36.f4 d4 37.Ra1 Bd7 38.Rd1 a3 39.Ra1 Ke7 40.Rxa3 Kd6 41.Kf2 Bc6 42.Rd3 Kc5
43.Rb3 Kd6 44.Rb4 Kc5 45.Rb1 Kd6 46.g4 Kc7 47.Rc1 Kb6 48.Bc4 Rxb7 49.Rb1+ Kc5
50.Rxb7 Bxb7 51.Bxf7 Be4 52.Ke2 h6 53.Kd2 Kd6 54.Bc4 Kc5 55.Be2 Bg2 56.h4 Be4
57.h5 Kd5 58.Bd3 Bf3 59.Bf5 Kc5 60.Kd3 Kd5 61.Bc8 Kc5 62.Be6 Kd6 63.Bc8 Kc5
64.Bd7 Kd6 65.Bf5 Kc5 66.Bc8 Bd1 67.Kd2 Bf3 68.Kd3 Bd1 69.Kd2 Bf3 70.Kc2 Be4+
71.Kd2 Bf3 72.Bf5 Kd5 73.Kd3 Kc5 74.Bc8 Bd1 75.Kd2 Bf3 76.Kd3  1/2-1/2

[Event "9th Amplico Life Rapid"]
[Site "Warsaw POL"]
[Date "2009.12.20"]
[Round "13"]
[White "Kurnosov,I"]
[Black "Vovk,Y"]
[Result "1-0"]
[WhiteElo "2666"]
[BlackElo "2546"]

1.e4 c5 2.Nf3 Nc6 3.Nc3 d6 4.d4 cxd4 5.Nxd4 Nf6 6.Bg5 e6 7.Qd2 a6 8.O-O-O Be7
9.f4 Nxd4 10.Qxd4 b5 11.Bxf6 gxf6 12.Bd3 Qc7 13.Qe3 Qc5 14.Qg3 h5 15.Kb1 Kf8
16.f5 Bd7 17.fxe6 fxe6 18.Ne2 Rg8 19.Qf3 Qg5 20.e5 d5 21.exf6 Bxf6 22.Nf4 h4
23.Rhf1 Ke7 24.Rde1 Be5 25.Ng6+ Rxg6 26.Bxg6 Kd6 27.Qa3+ Kc6 28.Bf5 Qxg2
29.Bxe6 Bxe6 30.Qe7 Qxh2 31.Rf6 Bd6 32.Rfxe6 Qg3 33.Rxd6+  1-0

[Event "Tata Steel TCh-Asia"]
[Site "Kolkata IND"]
[Date "2009.12.26"]
[Round "5"]
[White "Sengupta,D"]
[Black "Shrestha,S"]
[Result "1-0"]
[WhiteElo "2488"]
[BlackElo "2084"]

1.e4 c5 2.Nf3 Nc6 3.Nc3 e5 4.Bc4 Be7 5.d3 d6 6.Nd2 Nf6 7.Nf1 Be6 8.Ne3 a6
9.a4 O-O 10.O-O Nd4 11.Ncd5 Rb8 12.a5 Nxd5 13.Nxd5 Bg5 14.f4 exf4 15.Bxf4 Bxf4
16.Rxf4 Qg5 17.Rf2 h5 18.Kh1 h4 19.Qc1 Qxc1+ 20.Rxc1 Nc6 21.Rcf1 g6 22.Nf6+ Kg7
23.Nh7 Kxh7 24.Bxe6 Ne5 25.Bxf7 Kg7 26.Bd5 Rxf2 27.Rxf2 b6 28.axb6 Rxb6 29.b3 a5
30.h3 Ra6 31.Rf1 a4 32.bxa4 Rxa4 33.Rb1 Ra6 34.Kg1 Kf6 35.Kf2 g5 36.g3 Ng6
37.gxh4 gxh4 38.Ke3 Ra7 39.Rb6 Ke5 40.c3 Ra4 41.Bb3 Ra3 42.d4+ cxd4+ 43.cxd4+ Kf6
44.Rxd6+ Kg5 45.Rb6 Ra5 46.Rc6 Ra3 47.Rc5+ Kf6 48.Rb5 Ra1 49.Rf5+ Kg7 50.e5 Rh1
51.Rf3 Re1+ 52.Kd2 Nxe5 53.dxe5 Rxe5 54.Rf4 Rh5 55.Bc2 Kh6 56.Bd1 Rd5+ 57.Ke1 Re5+
58.Be2 Kg5 59.Rg4+ Kf5 60.Rxh4 Re7 61.Kf2 Kg5 62.Rg4+ Kh6 63.Bf3 Re6 64.Rd4 Rb6
65.Kg3 Rg6+ 66.Bg4 Rb6 67.Rd5 Rb3+ 68.Kh4 Rb4 69.Rd6+ Kg7 70.Kg5 Rb8 71.Rd7+ Kh8
72.Bf5 Ra8 73.Kh6 Re8 74.Bd3 Rc8 75.Be4 Kg8 76.Bd5+ Kf8 77.Rf7+ Ke8 78.h4 Rc3
79.Rf5 Rg3 80.h5 Rd3 81.Bf7+ Ke7 82.Bg6 Rd7 83.Rf7+  1-0

[Event "IX Gema Open"]
[Site "Mondariz ESP"]
[Date "2009.12.26"]
[Round "1"]
[White "Meireles,A"]
[Black "Senlle Caride,M"]
[Result "0-1"]
[WhiteElo "1635"]
[BlackElo "2173"]

1.e4 c5 2.Nf3 Nc6 3.Nc3 d6 4.d4 cxd4 5.Nxd4 Nf6 6.Bc4 Na5 7.Bb3 Nxb3 8.Nxb3 e6
9.O-O Be7 10.Be3 O-O 11.f4 Qc7 12.Qf3 a6 13.f5 b5 14.Qg3 b4 15.Bh6 Nh5 16.Qg4 bxc3
17.Qxh5 Bf6 18.Rf3 exf5 19.exf5 g6 20.fxg6 hxg6 21.Qa5 Qxa5 22.Nxa5 cxb2
23.Rb1 Bf5 24.Bxf8 Bxc2 25.Rxb2 Bxb2 26.Bxd6 Be4 27.Rb3 Bd4+ 28.Kf1 Rc8 29.Rb8 Bd3+
30.Ke1 Bc3+ 31.Kf2 Rxb8 32.Bxb8 Bxa5 33.Bd6 Bb6+ 34.Kf3 Bc4 35.a3 Bd5+ 36.Kg3 Kg7
37.Kh3 Kf6 38.Kg3 Kf5 39.Bb8 Bc5 40.a4 a5  0-1

[Event "IX Gema Open"]
[Site "Mondariz ESP"]
[Date "2009.12.27"]
[Round "3"]
[White "Outerelo Ucha,M"]
[Black "Dominguez Certal,D"]
[Result "1-0"]
[WhiteElo "2150"]
[BlackElo "1517"]

1.e4 c5 2.Nf3 Nc6 3.Nc3 d6 4.d4 cxd4 5.Nxd4 Nf6 6.Be2 e6 7.O-O a6 8.Be3 Be7
9.f4 Qc7 10.Qe1 O-O 11.Qg3 Nxd4 12.Bxd4 b5 13.a3 Bb7 14.Bd3 Rad8 15.Kh1 Ne8
16.Qh3 e5 17.Be3 exf4 18.Bxf4 g6 19.Bh6 Ng7 20.Rae1 Qc5 21.Nd5 Bxd5 22.exd5 Rfe8
23.Bxg7 Kxg7 24.Rxf7+ Kxf7 25.Qxh7+ Kf6 26.Qxg6+  1-0

[Event "59th ch-RUS w"]
[Site "Moscow RUS"]
[Date "2009.12.27"]
[Round "7"]
[White "Kosintseva,T"]
[Black "Manakova,M"]
[Result "1/2-1/2"]
[WhiteElo "2522"]
[BlackElo "2344"]

1.e4 c5 2.Nf3 Nc6 3.Nc3 e5 4.Bc4 Be7 5.d3 Nf6 6.O-O d6 7.Ng5 O-O 8.f4 exf4
9.Bxf4 h6 10.Nf3 Be6 11.Nd5 Nb4 12.Nxb4 cxb4 13.Bxe6 fxe6 14.Qe2 Rc8 15.Kh1 Qc7
16.Nd4 Qd7 17.Bg3 Rc5 18.Be1 a5 19.Nb3 Rh5 20.Bd2 Qe8 21.Nd4 Bd8 22.c3 Bc7
23.h3 d5 24.cxb4 dxe4 25.dxe4 Rh4 26.Qc4 Be5 27.Qxe6+ Qxe6 28.Nxe6 Re8 29.Nc5 axb4
30.Be1 Rh5 31.Nd3 Nxe4 32.Nxe5 Rhxe5 33.Kh2 Rb5 34.Rd1 Nf6 35.Rd2 Ra8 36.Bh4 Ra6
37.Rc1 Nd5 38.Rc8+ Kh7 39.Rd8 Ne3 40.Re2 Nf5 41.Be1 h5 42.b3 Nd6 43.Rd7 Nf5
44.Rd8 Kg6 45.g4 hxg4 46.hxg4 Nh6 47.Kh3 Nf7 48.Rd4 Re5 49.Rxe5 Nxe5 50.Bg3 Nc6
51.Rd6+ Kh7 52.Rd2 Ra5 53.Bd6 Kg6 54.Kg3 Kf6 55.Bf4 Ke6 56.Kf3 g5 57.Be3 Ne5+
58.Kg3 Nd7 59.Rh2 Nf6 60.Kf3 Kf7 61.Bd4 Nd5 62.Ke4 Ne7 63.Be3 Kg6 64.Rd2 Nc6
65.Rd6+ Kf7 66.Rd2 Ke6 67.Rh2 Re5+ 68.Kf3 Ra5 69.Re2 Kf6 70.Rc2 Ke6 71.Re2 Kf6
72.Rf2 Ke6 73.Bb6 Rb5 74.Be3 Ra5 75.Rh2 Kf6 76.Ke4 Re5+ 77.Kd3 Ra5 78.Kc4 Ra8
79.Rf2+ Kg6 80.Kb5 Re8 81.Bd2 Re4 82.Rg2 Rd4 83.Be3 Re4 84.Bc5 Ne5 85.Bxb4 Nxg4
86.Bc5 Ne5 87.a4 g4 88.b4 Kf5 89.a5 Nd3 90.Kb6 Nxc5 91.bxc5 Rb4+ 92.Kc7 Rb5
93.c6 bxc6 94.Ra2 Kf4 95.a6 Rh5 96.a7 Rh8 97.Kd6 g3 98.a8=Q Rxa8 99.Rxa8 g2
100.Ra1 Kf3 101.Ke5 Kf2 102.Ra2+ Kf3 103.Ra1  1/2-1/2

[Event "Christamas Open Masters"]
[Site "Zurich SUI"]
[Date "2009.12.27"]
[Round "2"]
[White "Rindlisbacher,L"]
[Black "Froewis,G"]
[Result "0-1"]
[WhiteElo "2078"]
[BlackElo "2274"]

1.e4 c5 2.Nf3 Nc6 3.Nc3 g6 4.Bc4 Bg7 5.d3 Na5 6.Bb3 Nxb3 7.axb3 d6 8.Be3 e5
9.Qd2 Ne7 10.Bh6 O-O 11.h4 f5 12.h5 f4 13.hxg6 hxg6 14.O-O-O Bg4 15.Bg5 Qd7
16.Rh4 Nc6 17.Nd5 Bxf3 18.gxf3 Nd4 19.Qa5 Nxf3 20.Be7 Nxh4 21.Bxh4 Kf7 22.Rg1 Rh8
23.Bg5 Rh2 24.Qc3 Rah8 25.Ne7 Rh1 26.Qe1 Qh3 27.Nd5 Qf3  0-1

[Event "26th Open"]
[Site "Boeblingen GER"]
[Date "2009.12.29"]
[Round "6"]
[White "Minor,S"]
[Black "Abel,D"]
[Result "0-1"]
[WhiteElo "2212"]
[BlackElo "2380"]

1.e4 c5 2.Nf3 Nc6 3.Nc3 Nf6 4.Bb5 g6 5.Bxc6 dxc6 6.h3 Bg7 7.d3 O-O 8.O-O b6
9.a4 a5 10.Nd2 e5 11.Nc4 Nh5 12.Ra3 Be6 13.Qf3 Qc7 14.Ne2 Rae8 15.g4 Nf6
16.Ng3 h5 17.Ne3 Nh7 18.Ng2 hxg4 19.hxg4 f6 20.Nh4 Ng5 21.Qd1 Nh3+ 22.Kh2 Nf4
23.Bxf4 exf4 24.Ngf5 gxf5 25.gxf5 f3+ 26.Kh3 Bc8 27.Qxf3 Kf7 28.Qh5+ Ke7
29.Ng6+ Kd8 30.Nxf8 Rxf8 31.Kg4 Rh8 32.Qg6 Rh6  0-1

[Event "85th Masters"]
[Site "Hastings ENG"]
[Date "2009.12.29"]
[Round "2"]
[White "Martinsen,S"]
[Black "Yurenok,M"]
[Result "1-0"]
[WhiteElo "2240"]
[BlackElo "1968"]

1.e4 c5 2.Nc3 Nc6 3.Bb5 Nd4 4.Bc4 e6 5.Nge2 Ne7 6.O-O a6 7.d3 b5 8.Bb3 Nxb3
9.axb3 Bb7 10.f4 Nc6 11.f5 Be7 12.Ng3 Bf6 13.Bf4 O-O 14.Bd6 Bd4+ 15.Kh1 Re8
16.Qc1 Qf6 17.fxe6 Qxe6 18.Nf5 Ne5 19.Ne2 Ng4 20.Nexd4 cxd4 21.Qg5 Qg6 22.Ne7+ Rxe7
23.Qxg6 hxg6 24.Bxe7 Ne3 25.Rf2 Rc8 26.Rc1 f5 27.exf5 gxf5 28.Bg5 g6 29.Re2 Nd5
30.Rce1 Kf7 31.Kg1 Rh8 32.c4 dxc3 33.bxc3 Bc6 34.c4 bxc4 35.bxc4 Nc7 36.Re7+ Kf8
37.Bf6 Rh5 38.Rb1 Ne8 39.Rb8 d6 40.Ra7 f4 41.Rxa6 Rf5 42.Bd8 Bd7 43.Ra7 Rf7
44.Ba5 Bc6 45.Rxf7+ Kxf7 46.d4  1-0

[Event "11th Christmas Open"]
[Site "Litomysl CZE"]
[Date "2009.12.29"]
[Round "5"]
[White "Manik,M"]
[Black "Hoffmann,Pau"]
[Result "1/2-1/2"]
[WhiteElo "2435"]
[BlackElo "2355"]

1.e4 c5 2.Nf3 Nc6 3.Nc3 d6 4.d4 cxd4 5.Nxd4 Nf6 6.Bg5 Qb6 7.Nb3 e6 8.Bxf6 gxf6
9.Qd2 a6 10.O-O-O Bd7 11.f4 O-O-O 12.Be2 h5 13.Rhf1 Kb8 14.Kb1 Na5 15.Rf3 Nxb3
16.axb3 h4 17.Qe1 Bh6 18.Qxh4 Bg7 19.Qg4 Bh6 20.Rfd3 Bc6 21.g3 f5 22.exf5 Rdg8
23.Qh5 Qc7 24.fxe6 fxe6 25.Qh3 Bg7 26.Qxe6 Re8 27.Qc4 b5 28.Qb4 Rh6 29.f5 Bxc3
30.Rxc3 Rxe2 31.h4 Re4 32.Rc4 a5 33.Qd2 bxc4 34.Qxh6 cxb3 35.cxb3 Re2 36.Qxd6 Be4+
37.Ka2 Qxd6 38.Rxd6 Bxf5 39.Rd5 Be6 40.Rxa5 Re3 41.Rg5 Kc7 42.h5 Kd6 43.g4 Bxb3+
44.Ka3 Be6+ 45.Ka4 Rb3 46.h6 Rxb2 47.h7 Rb8 48.Rg7 Rh8 49.g5 Bf5 50.g6 Bxg6
51.Rxg6+  1/2-1/2

[Event "59th ch-RUS w"]
[Site "Moscow RUS"]
[Date "2009.12.29"]
[Round "9"]
[White "Stepovaia,T"]
[Black "Manakova,M"]
[Result "1-0"]
[WhiteElo "2384"]
[BlackElo "2344"]

1.e4 c5 2.Nc3 Nc6 3.Bb5 Nd4 4.Bc4 g6 5.Nf3 Bg7 6.Nxd4 cxd4 7.Qf3 Nh6 8.Ne2 O-O
9.d3 Ng4 10.Bb3 d6 11.Ng3 h5 12.h3 Ne5 13.Qe2 a5 14.a3 a4 15.Bd5 e6 16.Ba2 h4
17.Nf1 f5 18.f4 fxe4 19.fxe5 e3 20.Nxe3 dxe3 21.Bxe3 Ra5 22.O-O-O Rxe5 23.Qd2 Ref5
24.d4 d5 25.c3 Qc7 26.Bb1 R5f6 27.Bc2 Bd7 28.Bd3 Qb6 29.Qe2 Be8 30.Kb1 g5
31.Rd2 Bh6 32.Re1 Bg6 33.Bxg6 Rxg6 34.Rdd1 Qc7 35.Qc2 Qh7 36.Ka2 b5 37.Qd3 Rb8
38.Rf1 Bf8 39.Rf3 Be7 40.Qe2 Rg7 41.Bg1 Qg6 42.Bh2 Rf8 43.Re3 Rff7 44.Rxe6 Rf2
45.Qxf2 Qxe6 46.Re1 Qc6 47.Rf1 Bxa3 48.bxa3 Qxc3 49.Bd6 Qc4+ 50.Ka1 Kh7 51.Be5 Qc3+
52.Qb2 Qd3 53.Qb1  1-0

[Event "11th Christmas Open"]
[Site "Litomysl CZE"]
[Date "2010.01.01"]
[Round "8"]
[White "Tazbir,M"]
[Black "Plat,V"]
[Result "1-0"]
[WhiteElo "2497"]
[BlackElo "2388"]

1.e4 c5 2.Nc3 Nc6 3.Bb5 g6 4.Bxc6 dxc6 5.d3 Bg7 6.f4 Nf6 7.Nf3 O-O 8.O-O b6
9.Qe1 Bg4 10.Ne5 Bd7 11.h3 e6 12.Nf3 b5 13.Be3 c4 14.Bc5 cxd3 15.Bxf8 Qxf8
16.cxd3 Nh5 17.Qd2 c5 18.Ne2 Bc6 19.e5 Bh8 20.Qe3 Rc8 21.Rac1 Bd5 22.g4 Ng7
23.Nc3 Ne8 24.Nxd5 exd5 25.d4 c4 26.f5 Bg7 27.f6 Bh8 28.Ng5 Nc7 29.e6 Nxe6
30.Nxe6 Qe8 31.Rce1 Qxe6 32.Qxe6 fxe6 33.Rxe6 g5 34.Re5 Kf7 35.Rxg5 Rd8 36.Re5 b4
37.g5 Kg6 38.Kg2 h6 39.h4 a5 40.Rfe1  1-0

[Event "ch-AUS"]
[Site "Sydney AUS"]
[Date "2010.01.03"]
[Round "2"]
[White "Solomon,SJ"]
[Black "Brown,An"]
[Result "0-1"]
[WhiteElo "2428"]
[BlackElo "2144"]

1.e4 c5 2.Nf3 Nc6 3.Nc3 e5 4.Bc4 g6 5.d3 h6 6.O-O Bg7 7.a3 d6 8.b4 Nge7 9.Be3 Nd4
10.Nd5 b5 11.Nxe7 Qxe7 12.Bd5 Bb7 13.Bxb7 Qxb7 14.c3 Ne6 15.a4 O-O 16.axb5 cxb4
17.c4 a5 18.bxa6 Rxa6 19.Qd2 Rfa8 20.Rab1 b3 21.Qc3 Rb8 22.Nd2 b2 23.f3 Nf4
24.Rfe1 Qb4 25.Qxb4 Rxb4 26.Bxf4 exf4 27.Kf2 Bd4+ 28.Ke2 Ra3 29.Rbd1 Be3
30.Nb1 Ra1 31.Rd2 g5 32.Red1 Kg7 33.Ke1 h5 34.Ke2 g4 35.fxg4 hxg4 36.g3 Bxd2
37.Kxd2 f3 38.Kc2 Ra5 39.Rd2 Rh5 40.Rf2 Rb8 41.Nd2 f5 42.exf5 Rxf5 43.Nb1 Re5
44.Kd2 Rbe8 45.Kc3 Re2 46.Rf1 Re1 47.Rxe1 Rxe1  0-1

[Event "85th Masters"]
[Site "Hastings ENG"]
[Date "2010.01.04"]
[Round "8"]
[White "Grant,D ENG"]
[Black "Sugden,J"]
[Result "1-0"]
[WhiteElo "2020"]
[BlackElo "2219"]

1.e4 c5 2.Nc3 Nc6 3.Bb5 d6 4.Bxc6+ bxc6 5.d3 g6 6.f4 Bg7 7.Nf3 Nh6 8.O-O Ba6
9.f5 c4 10.d4 d5 11.Bxh6 Bxh6 12.fxg6 hxg6 13.Ne5 Qd6 14.Qf3 Rh7 15.exd5 cxd5
16.h3 f6 17.Nxg6 O-O-O 18.Rae1 Kb8 19.Nh4 Bc8 20.Nf5 Bxf5 21.Qxf5 Rg7 22.Re2 Rdg8
23.Qxd5 Be3+ 24.Kh1 Bxd4 25.Qxc4 Bb6 26.Rd1 Qg3 27.Rd3 Qg5 28.Qd5 Qc1+ 29.Rd1 Qf4
30.Rxe7 Bc7 31.Qb5+ Ka8 32.Qc6+ Kb8 33.Re8+ Rxe8 34.Qxe8+ Kb7 35.Qe4+  1-0

[Event "22nd Open"]
[Site "Staufer GER"]
[Date "2010.01.04"]
[Round "5"]
[White "Bauer,Andreas2"]
[Black "Hahn,C"]
[Result "1-0"]
[WhiteElo "2069"]
[BlackElo "2199"]

1.e4 c5 2.Nc3 Nc6 3.Bb5 Nd4 4.Bc4 e6 5.Nge2 a6 6.a3 Qg5 7.O-O Nf3+ 8.Kh1 Nh4
9.g3 Ng6 10.d4 Qh5 11.a4 Nf6 12.f3 cxd4 13.Nxd4 Qc5 14.Be2 b6 15.f4 Bb7 16.Bf3 Be7
17.Re1 O-O 18.Be3 Qc7 19.e5 Ng4 20.Ne4 Nxe3 21.Rxe3 d6 22.exd6 Bxd6 23.Nxd6 Bxf3+
24.Nxf3 Rad8 25.Rd3 Qc6 26.Kg1 e5 27.Nxe5 Nxe5 28.fxe5 Qc5+ 29.Kh1 Qxe5 30.Qd2 Qxb2
31.Rd1 Qa2 32.Rd4 Rd7 33.Qd3 Rfd8 34.Qb3  1-0

[Event "Meister Open"]
[Site "Basel SUI"]
[Date "2010.01.05"]
[Round "7"]
[White "Haener,P"]
[Black "Schultz,R"]
[Result "1-0"]
[WhiteElo "2199"]
[BlackElo "2205"]

1.Nf3 c5 2.e4 Nc6 3.Nc3 g6 4.d4 cxd4 5.Nxd4 Bg7 6.Be3 Nf6 7.Bc4 O-O 8.Bb3 Qa5
9.O-O d6 10.h3 Bd7 11.f4 Rad8 12.Qf3 Nxd4 13.Bxd4 Bc6 14.Rad1 e6 15.Kh1 Qc7
16.Rfe1 b6 17.Bf2 Qb7 18.Qd3 d5 19.e5 Nd7 20.Bd4 Rde8 21.Qe3 f6 22.Ne2 Bb5
23.Ng1 Bh6 24.exf6 Qc7 25.f7+ Kxf7 26.g3 Kg8 27.Nf3 Nc5 28.c3 g5 29.fxg5 Qxg3
30.gxh6 Qxf3+ 31.Qxf3 Rxf3 32.Rg1+ Kf8 33.Kh2 Bd3 34.Rg3 Rxg3 35.Kxg3 Bf5
36.Rf1 Ke7 37.Bxd5 Rg8+ 38.Kh2 Nd3 39.Rxf5 exd5 40.b3 Ke6 41.Rf6+ Ke7 42.a4 Ne1
43.Rf2 Rg6 44.Re2+ Re6 45.Rxe6+ Kxe6 46.Kg3 Kf5 47.b4 Ke4 48.Bxb6 Kd3 49.Bxa7 Kxc3
50.b5 Nd3 51.a5 Kb4 52.b6 Nc5 53.a6 Nxa6 54.b7 Kc4 55.b8=Q Nxb8 56.Bxb8 d4
57.Kg4  1-0

[Event "Meister Open"]
[Site "Basel SUI"]
[Date "2010.01.05"]
[Round "7"]
[White "Schenker,R"]
[Black "Paul,M2"]
[Result "0-1"]
[WhiteElo "2090"]
[BlackElo "1961"]

1.e4 c5 2.Nc3 Nc6 3.Bb5 Nd4 4.Bc4 e6 5.Nge2 Ne7 6.d3 g6 7.O-O Bg7 8.Bg5 h6
9.Bh4 g5 10.Bg3 a6 11.Bb3 d5 12.Nxd4 Bxd4 13.exd5 exd5 14.Re1 Be6 15.Be5 Bxe5
16.Rxe5 Qc7 17.Qe2 O-O-O 18.Re1 Nc6 19.Rxe6 Nd4 20.Qg4 fxe6 21.Nxd5 Qa5 22.c3 Kb8
23.Qg3+ Ka7 24.Nf6 Nxb3 25.axb3 Qb5 26.Qe5 Rxd3 27.Ne4 Rhd8 28.c4 Rd1 29.Kf1 Qxb3
30.Qxc5+ Ka8 31.Nc3 Rxe1+ 32.Kxe1 Qxb2  0-1

[Event "15th Open"]
[Site "Bosnjaci CRO"]
[Date "2010.01.05"]
[Round "4"]
[White "Ljubic,J"]
[Black "Brkic,Zd"]
[Result "1-0"]
[WhiteElo "2237"]
[BlackElo "2025"]

1.e4 c5 2.Nf3 Nc6 3.Nc3 d6 4.Bb5 Bd7 5.O-O Nf6 6.Re1 g6 7.Bxc6 Bxc6 8.e5 Nd5
9.exd6 Nxc3 10.dxc3 e6 11.Bf4 Bg7 12.Ne5 O-O 13.Nxc6 bxc6 14.d7  1-0

[Event "15th Open"]
[Site "Bosnjaci CRO"]
[Date "2010.01.06"]
[Round "6"]
[White "Zovko,Mari"]
[Black "Kitarovic,M"]
[Result "1-0"]
[WhiteElo "2198"]
[BlackElo "2004"]

1.e4 c5 2.Nc3 Nc6 3.Nge2 Nd4 4.d3 g6 5.Be3 Bg7 6.Qd2 b6 7.Nd1 Bb7 8.f4 e5
9.c3 Nxe2 10.Bxe2 d5 11.fxe5 Bxe5 12.d4 cxd4 13.Bb5+ Kf8 14.cxd4 Bc7 15.e5 a6
16.Bd3 Kg7 17.O-O h6 18.Rc1 Ne7 19.Nf2 Bc8 20.g4 b5 21.Qe2 Qd7 22.Qf3 Rf8
23.Qf6+ Kh7 24.h3 Bd8 25.Qf3 Nc6 26.Nh1 Bh4 27.Ng3 Ne7 28.Nh5 Ng8 29.Nf4 Bb7
30.Qe2 Kg7 31.e6 Qd6 32.exf7 Ne7 33.Ne6+ Kh7 34.Bf4 Qb6 35.Nxf8+ Rxf8 36.Be5 Nc6
37.Bxg6+  1-0

[Event "15th Open"]
[Site "Bosnjaci CRO"]
[Date "2010.01.07"]
[Round "7"]
[White "Armanda,I"]
[Black "Solic,K"]
[Result "1-0"]
[WhiteElo "2345"]
[BlackElo "2170"]

1.e4 c5 2.Nf3 Nc6 3.Nc3 d6 4.Bb5 Nf6 5.d4 cxd4 6.Qxd4 Bd7 7.Bxc6 Bxc6 8.Bg5 h6
9.Bxf6 gxf6 10.O-O-O Qa5 11.Qd3 Rc8 12.Kb1 Rg8 13.Nd4 Bd7 14.Nb3 Qb6 15.g3 Qxf2
16.Nd5 a6 17.Nd4 Bb5 18.Nxb5 axb5 19.Ne3 Qf3 20.Qxb5+ Rc6 21.Nf5 Rg5 22.Qxb7  1-0

[Event "Century West Open"]
[Site "Los Angeles USA"]
[Date "2010.01.08"]
[Round "1"]
[White "Sevian,A"]
[Black "Peters,Ja"]
[Result "0-1"]
[WhiteElo "2208"]
[BlackElo "2381"]

1.e4 c5 2.Nf3 Nc6 3.Nc3 a6 4.a4 Nf6 5.Bc4 e6 6.d4 cxd4 7.Nxd4 Qc7 8.Nxc6 bxc6
9.O-O Be7 10.Qf3 O-O 11.Re1 d6 12.Bf4 e5 13.Bg3 Be6 14.Bxe6 fxe6 15.Qe2 Rfb8
16.b3 Rb4 17.Rad1 c5 18.Bh4 c4 19.Bxf6 Bxf6 20.Qd2 Rb7 21.b4 Rd8 22.b5 axb5
23.axb5 Qc5 24.Qe2 Re7 25.Qf3 Rf7 26.Qg3 Rdf8 27.Qe3 Qxe3 28.Rxe3 Bd8 29.Rf3 Ba5
30.Rxf7 Kxf7 31.Ne2 Ke7 32.f3 Bb6+ 33.Kf1 Ra8 34.Nc3 Ra3 35.Nb1 Ra2 36.Rc1 Be3
37.Re1 Bc5 38.Rc1 Rb2 39.Ke2 Rxb5 40.Kd2 d5 41.exd5 exd5 42.Ke2 Ra5 43.Rd1 Ke6
44.Rc1 Ra1 45.Rd1 d4 46.Rc1 Ra2 47.Kd1 Be7  0-1

[Event "TCh-NED 2009-10"]
[Site "Netherlands NED"]
[Date "2010.01.09"]
[Round "5"]
[White "Paulet,I"]
[Black "Bitalzadeh,A"]
[Result "0-1"]
[WhiteElo "2342"]
[BlackElo "2437"]

1.e4 c5 2.Nc3 Nc6 3.Nf3 d6 4.d4 cxd4 5.Nxd4 Nf6 6.Bc4 Bd7 7.Be3 Ng4 8.O-O Nce5
9.Bb3 Nxe3 10.fxe3 e6 11.Nf3 Qa5 12.a4 Be7 13.Nb5 Nxf3+ 14.Rxf3 Qb6 15.Qd4 O-O
16.Rg3 g6 17.Rf1 Bxb5 18.Qxb6 axb6 19.axb5 Kg7 20.Rgf3 Rac8 21.g4 Rc5 22.c4 Rg5
23.Rg3 Bf6 24.Rg2 Re5 25.Bc2 Bg5 26.Rg3 Rc8 27.Bd3 d5 28.exd5 exd5 29.cxd5 Rxd5
30.e4 Rd4 31.Rgf3 f6 32.Kg2 Rcd8 33.Bc2 Rd2+ 34.R1f2 Bh4 35.Rxd2 Rxd2+ 36.Kh3 Rxc2
37.Kxh4 Rxh2+ 38.Kg3 Rxb2 39.Rc3 Rxb5 40.Rc7+ Kh6 41.Rxb7 Kg5 42.Rxh7 Rb3+
43.Kf2 Kxg4 44.Rf7 Kg5 45.Ke2 b5 46.Kd2 Rb4 47.Ke3 f5 48.exf5 gxf5 49.Rg7+ Kf6
50.Rg8 Re4+ 51.Kf3 Ke5 52.Rb8 Rb4 53.Re8+ Kd4 54.Rf8 Rb3+ 55.Ke2 Rb2+ 56.Kf3 Rb3+
57.Ke2 Ke4 58.Re8+ Kf4 59.Rf8 b4 60.Rf7 Rb2+ 61.Kf1 b3 62.Rf8 Rc2  0-1

[Event "7th World Team Championship"]
[Site "Bursa TUR"]
[Date "2010.01.12"]
[Round "8"]
[White "Gashimov,V"]
[Black "Kotronias,V"]
[Result "1/2-1/2"]
[WhiteElo "2759"]
[BlackElo "2599"]

1.e4 c5 2.Nf3 Nc6 3.Nc3 d6 4.d4 cxd4 5.Nxd4 Nf6 6.Bg5 e6 7.Qd2 a6 8.O-O-O Bd7
9.f4 b5 10.Bxf6 gxf6 11.Nxc6 Bxc6 12.Qe3 Qe7 13.Bd3 h5 14.Kb1 Qa7 15.Qh3 Qc5
16.Rhe1 Be7 17.Ne2 a5 18.f5 e5 19.Nc3 b4 20.Nd5 Bxd5 21.exd5 Bd8 22.Re4 Rg8
23.g3 Rg5 24.Rc4 Qf2 25.Rf1 Qe3 26.Rc6 Ke7 27.Qh4 Bb6 28.Qc4 Rb8 29.Be2 Bc5
30.Rc7+ Kf8 31.h4 Rxg3 32.Bxh5 Rg1 33.Bd1 a4 34.Rxg1 Qxg1 35.Qg4 Qxg4 36.Bxg4 Kg7
37.Kc1 Rh8 38.h5 Rf8 39.Bd1 Kh6 40.c3 bxc3 41.Bxa4 cxb2+ 42.Kxb2 Kxh5 43.Bc6 Kg4
44.a4 e4 45.Kc3 Rb8 46.Rxf7 Kxf5 47.Re7 Rb1 48.Bd7+ Kf4 49.Re6 Ke3 50.Kc2 Rf1
51.a5 f5 52.a6 Ra1 53.Re7 f4 54.Bf5 Ra4 55.Kb3 Rd4 56.a7 Bxa7 57.Rxa7 Rxd5
58.Rf7 f3 59.Kc2 Rd2+ 60.Kc1 d5 61.Be6 Rd4 62.Rh7 Rc4+ 63.Kd1 Rc6 64.Bxd5 Rd6
65.Rh5 Kf2 66.Rf5 Rd8 67.Kc2 Ke3 68.Re5 Rxd5 69.Rxd5 Ke2 70.Rf5 e3 71.Kc3 Kf2
72.Re5 Ke2 73.Kd4 f2 74.Rxe3+ Kd2 75.Rf3 Ke2 76.Rxf2+ Kxf2  1/2-1/2